LEADER 01767nam a2200337 u 4500 001 000000053847 003 CaOOAMICUS 005 20070226115615.0 008 001122s1992 it u000 u ita u 035 $a10862119 040 $aPUL(R)$bita 041 1 $aita$hlat 100 1 $aJaurès, Jean,$d1859-1914.$0(OLS)http://pul/name/38319 240 10$aDe primis socialismi germanici lineamentis apud Lutherum, Kant, Fichte et Hegel.$lItaliano.$0(OLS)http://pul/title/72226 245 10$aPrimi lineamenti del socialismo in Germania in Lutero, Kant, Fichte e Hegel /$cJean Jaurès ; introduzione, traduzione e note a cura di Sergio Martano. 260 $aNapli :$bIl Tripode,$c1992. 300 $a172 p. ;$c21 cm 502 $aThèse--Sorbonne. Faculté des lettres, 1891. 504 $aBibliografia in nota. 600 14$aLuther, Martin,$d1483-1546$xPensiero politico e sociale.$0(OLS)http://pul/subject/4863 600 14$aKant, Immanuel,$d1724-1804$xPensiero politico e sociale.$0(OLS)http://pul/subject/22179 600 14$aFichte, Johann Gottlieb,$d1762-1814$xPensiero politico e sociale.$0(OLS)http://pul/subject/22180 600 14$aHegel, Georg Wilhelm Friedrich,$d1770-1831$xPensiero politico e sociale.$0(OLS)http://pul/subject/7786 650 4$aSocialismo.$0(OLS)http://pul/subject/3492 700 1 $aMartano, Sergio.$0(OLS)http://pul/name/38320 850 $aPUL 852 $aPUL$W1$xDP1 Fondo Giannini$y60$m1556 D 31$j70979$nBK-PRI$b $qFondi$B70979$CPULBib$Z2$F70979 $H $81 941 1 $a1 961 $aINV: F: Giannini 996 $6245$aPrimi lineamenti del socialismo in Germania in Lutero, Kant, Fichte e Hegel$9(OLS)http://pul/title/72227 996 $6260$aNapli :$bIl Tripode$9(OLS)http://pul/publisher/68653 LEADER 01477nam a2200349 u 4500 001 000000063864 003 CaOOAMICUS 005 20070226121307.0 008 011108s1970 ne u000 u lat u 035 $a10909239 040 $aPUL(R)$bita 041 0 $alat$aeng 100 1 $aAbaelardus, Petrus,$d1079-1142.$0(OLS)http://pul/name/7147 240 10$aDialectica$9(Abaelardus, Petrus, 1079-1142).$0(OLS)http://pul/title/85123 245 10$aDialectica $cPetrus Abaelardus ; first complete edition of the Parisian manuscript with an introduction by L. M. De Rijk, Ph. D. 250 $a2nd, revised ed. 260 $aAssen :$bVan Gorcum,$c1970. 300 $acxii, 669 p. ;$c23 cm 490 1 $aWijsgerige teksten en studies 500 $aLa paginazione in numeri arabi ha inizio dal n. 51. 500 $aComprende vari indici : p. 601-669. 700 1 $aRijk, Lambert Marie de,$d1924-$0(OLS)http://pul/name/13042 830 0$aWijsgerige teksten en studies.$0(OLS)http://pul/title/20257 850 $aPUL 852 $aPUL$W1$xSL Religione 1$y3$m80 C 42$j82830$nBK-PRI$b $qStampati$B82830$CPULBib$Z2$F82830 $H $81 900 $aPietro Abelardo,$d1079-1142$97147 900 $aAbelardo, Pietro,$d1079-1142$97147 900 $aPetrus Palatinus,$d1079-1142$97147 941 1 $a8 961 $aINV: 49523 996 $6245$aDialectica $9(OLS)http://pul/title/22065 996 $6260$aAssen :$bVan Gorcum$9(OLS)http://pul/publisher/48074